| 000 | 004620000a22001930004500 | ||
|---|---|---|---|
| 003 | LK-CoMWRAF | ||
| 008 | 230817t ||||| |||| 00| 0 eng d | ||
| 040 |
_aLK-CoMWRAF _dLK-CoMWRAF _eLK-CoMWRAF |
||
| 041 | _aeng | ||
| 082 |
_a390 _bKAN |
||
| 245 |
_aKantha Saha Aayathanike Hirihara _b |
||
| 260 |
_aColombo _bWUSC _c1997 |
||
| 300 | _ap.79 | ||
| 650 | _aSexual harassment | ||
| 650 | _aSinhala | ||
| 650 | _aTamil | ||
| 650 | _atraining manual | ||
| 942 | _cBK | ||
| 999 |
_c121 _d121 |
||